Perguntas frequentes e respostas aos jurisdicionais / (Record no. 1353)

MARC details
000 -LÍDER
Campo Fixo de Controle 00779nam a2200253 a 4500
001 - NÚMERO DE CONTROLE
Campo de Controle 1353
003 - IDENTIFICAÇÃO DO NÚMERO DE CONTROLE
Campo de Controle BR-CuiBMT
005 - DATA E HORA DA ÚLTIMA ATUALIZAÇÃO
Campo de Controle 20231214194129.0
008 - DADOS FIXOS
Dados Fixos 231205s2011 mtba 000 0 por d
020 ## - INTERNATIONAL STANDARD BOOK NUMBER
Nº do ISBN 9788598587165
040 ## - AGÊNCIA CATALOGADORA
Código da Agência Catalogadora BR-CuiBMT
Agência que transcreveu o registro BR-CuiBMT
080 ## - Nº DA CLASSIFICAÇÃO DECIMAL UNIVERSAL
Nº edição CDU 2007
Nº Class. CDU 35.076
090 ## - NÚMERO DE CHAMADA
Complemento TCE/MT
Nº classificação 35.076
Cutter M433p
Ano/Edição 2. ed.
110 1# - ENTRADA PRINCIPAL -- ENTIDADE
Nome da entidade ou lugar Mato Grosso
Unidade subordinada Tribunal de Contas
245 ## - TÍTULO PRINCIPAL
Título principal Perguntas frequentes e respostas aos jurisdicionais /
Indicação de responsabilidade Tribunal de Contas do Mato Grosso.
250 ## - EDIÇÃO
Edição 2. ed.
260 ## - PUBLICAÇÃO, DISTRIBUIÇÃO, ETC.
Local de publicação Cuiabá :
Editora Tce - Mato Grosso,
Data 2011.
300 ## - DESCRIÇÃO FÍSICA
N. páginas ou volumes 98 p.:
Ilustrações il.
Dimensões 21 cm
650 ## - ASSUNTO TÓPICO
Cabeçalho tópico ou nome geográfico Administração pública
Subdivisão geográfica Brasil
650 ## - ASSUNTO TÓPICO
Cabeçalho tópico ou nome geográfico Gestão pública
Subdivisão geográfica Brasil
650 ## - ASSUNTO TÓPICO
Cabeçalho tópico ou nome geográfico Tribunais de contas dos estados
650 ## - ASSUNTO TÓPICO
Cabeçalho tópico ou nome geográfico Política pública
942 ## - ELEMENTOS DE ENTRADA ADICIONAIS (KOHA)
Fonte de classificação ou esquema de arquivamento Classificação Decimal Universal
Tipo de item do Koha Livros
Holdings
Estado: removido Estado: perdido Fonte de classificação ou esquema de arquivamento Estado: danificado Indisponível para empréstimo Localização permanente Localização atual Data de aquisição Total Checkouts Número de Chamada completo Código de barras Date last seen Número do exemplar Preço efetivo a partir de Tipo de item (Koha)
    Classificação Decimal Universal     Biblioteca da Escola Superior de Contas do TCE/MT Biblioteca da Escola Superior de Contas do TCE/MT 05/12/2023   TCE/MT 35.076 M433p BIBTCEMT23120228 05/12/2023 Ex. 1 05/12/2023 Livros
    Classificação Decimal Universal     Biblioteca da Escola Superior de Contas do TCE/MT Biblioteca da Escola Superior de Contas do TCE/MT 14/12/2023   TCE/MT 35.076 M433p BIBTCEMT23120498 14/12/2023 Ex. 2 14/12/2023 Livros
    Classificação Decimal Universal     Biblioteca da Escola Superior de Contas do TCE/MT Biblioteca da Escola Superior de Contas do TCE/MT 14/12/2023   TCE/MT 35.076 M433p BIBTCEMT23120500 14/12/2023 Ex. 3 14/12/2023 Livros
    Classificação Decimal Universal     Biblioteca da Escola Superior de Contas do TCE/MT Biblioteca da Escola Superior de Contas do TCE/MT 14/12/2023   TCE/MT 35.076 M433p BIBTCEMT23120501 14/12/2023 Ex. 4 14/12/2023 Livros
    Classificação Decimal Universal     Biblioteca da Escola Superior de Contas do TCE/MT Biblioteca da Escola Superior de Contas do TCE/MT 14/12/2023   TCE/MT 35.076 M433p BIBTCEMT23120502 14/12/2023 Ex. 5 14/12/2023 Livros

Powered by Koha